LEADER 00579nas a2200157 i 4500 001 000000011564 003 CaOOAMICUS 005 20180830125441.0 008 180830n it u0 ita u 040 $aSeMil$bita 245 10$aFilosofia pubblica /$ccollana diretta da Sebastiano Maffettone. 260 $aNapoli :$bLiguori Editore,$c[198.] 300 $av. ;$c22 cm. 700 1 $aMaffettone, Sebastiano,$d<1948- >.$0(OLS)http://semarc/name/5567 996 $6245$aFilosofia pubblica$9(OLS)http://semarc/title/15299 996 $6260$aNapoli :$bLiguori Editore$9(OLS)http://semarc/publisher/31624 LEADER 00930nam a2200241 i 4500 001 000000069512 003 CaOOAMICUS 005 20240731140109.0 008 131008s1756 fr u000 u fre u 013 $a40684 026 $as.es t?de 4.es coco (3) 1756 (R) 040 $aSeMil$bita 100 1 $aAubert, Claude François,$d<1709-1770>.$0(OLS)http://semarc/name/34660 245 10$aEntretiens sur la nature de l'ame des bętes. 260 $aA Colmar :$b[s.n.],$c1756. 300 $a[6], 385, [1] p. ;$c8°. 500 $aSegn.: A-Z8 2A10 650 4$aAnimali - Psicologia.$0(OLS)http://semarc/subject/10225 850 $aSeMil 852 $aSeMil$W1$xVenegono$y1$m2P I 104 FA$j35665$B35665$CSeMilBibl$Z2$F35668 $8I 996 $6245$aEntretiens sur la nature de l'ame des bętes$9(OLS)http://semarc/title/111295 996 $6260$aA Colmar :$b[s.n.]$9(OLS)http://semarc/publisher/42852